BSOP header

Expository preaching without notes. (Record no. 28540)

MARC details
000 -LEADER
fixed length control field 00487nam a2200145 4500
008 - FIXED-LENGTH DATA ELEMENTS--GENERAL INFORMATION
fixed length control field 070213s1962 miu 000 0 eng
090 ## - LOCALLY ASSIGNED LC-TYPE CALL NUMBER (OCLC); LOCAL CALL NUMBER (OCLC)
Classification number (OCLC) (R) ; Classification number, CALL (RLIN) (NR) BV4211.2
Local cutter number (OCLC) ; Book number/undivided call number, CALL (RLIN) K83e
100 1# - MAIN ENTRY--PERSONAL NAME
Personal name Koller, Charles W.,
Dates associated with a name 1896-
245 10 - TITLE STATEMENT
Title Expository preaching without notes.
260 ## - PUBLICATION, DISTRIBUTION, ETC. (IMPRINT)
Place of publication, distribution, etc Grand Rapids, Michigan :
Name of publisher, distributor, etc Baker Book House,
Date of publication, distribution, etc 1962.
300 ## - PHYSICAL DESCRIPTION
Extent 132 p. ;
Dimensions 20 cm.
490 1# - SERIES STATEMENT
Series statement [Evangelical pulpit library]
650 #4 - SUBJECT ADDED ENTRY--TOPICAL TERM
Topical term or geographic name as entry element Preaching.
951 ## - EQUIVALENCE OR CROSS-REFERENCE-GEOGRAPHIC NAME/AREA NAME [OBSOLETE] [CAN/MARC only]
General subdivision 00017963
951 ## - EQUIVALENCE OR CROSS-REFERENCE-GEOGRAPHIC NAME/AREA NAME [OBSOLETE] [CAN/MARC only]
-- 6940
-- BV4211.2/K83e-2
-- 070613111628187
-- 2000-12-21
-- GC
Holdings
Withdrawn status Lost status Damaged status Not for loan Home library Current library Shelving location Date acquired Accession number Shelving control number Total Checkouts Full call number Barcode Date last seen Price effective from Koha item type
        BSOP Library BSOP Library GC 12/21/2000 6940 127   BV4211.2/K83e-2 00017963 02/23/2013 02/23/2013 Books
BSOP

Biblical Seminary of the Philippines
  All rights Reserved
  © 2024

CONTACT INFORMATION

Biblical Seminary of the Philippines,
  77-B Karuhatan Road, Valenzuela City,
  PHILIPPINES 1441
  Phone: +632 8292-6795 / 8292-6798
  Fax : +632 8292-6675
  Email: library@bsop.edu.ph